[Event "6. Open C.A. Ciudad los Angeles 2012"]
[Site "Madrid ESP"]
[Date "2012.05.20"]
[Round "6.7"]
[White "Largo Barbero, Benito"]
[Black "Ortiz Berruguete, Adrian"]
[Result "0-1"]
[WhiteElo "1845"]
[BlackElo "1734"]
[PlyCount "106"]
[EventDate "2012.04.15"]
[EventType "swiss"]
[EventRounds "9"]
[EventCountry "ESP"]
[Source "lmi"]
[SourceDate "2012.04.15"]

1. g3 e5 2. Bg2 d5 3. d3 Nf6 4. c3 Be7 5. Nd2 c6 6. Qc2 Be6 7. e4 dxe4 8. Nxe4
Bf5 9. h3 Nxe4 10. dxe4 Be6 11. Be3 Qa5 12. Nf3 Nd7 13. Bf1 O-O 14. Ng5 Bxg5
15. Bxg5 f6 16. Be3 Rfd8 17. Be2 Qc7 18. h4 Nb6 19. b3 a5 20. h5 c5 21. Rb1 Nc8
22. f4 Nd6 23. f5 Bf7 24. g4 Qc6 25. Bf3 h6 26. O-O Nb5 27. Rbd1 c4 28. b4 axb4
29. cxb4 c3 30. Rxd8+ Rxd8 31. Kg2 Nd4 32. Bxd4 Rxd4 33. b5 Qc5 34. Rd1 Qb4 35.
Rb1 Qa3 36. Kg3 Rd2 37. Qc1 Qxa2 38. Qxc3 Qxb1 39. Qxd2 Qxb5 40. Qd8+ Kh7 41.
Qe7 Qb3 42. Kf2 b5 43. Bd1 Qb2+ 44. Kg3 Qa2 45. g5 hxg5 46. h6 Kxh6 47. Qd8 Kh7
48. Qf8 Qc4 49. Bb3 Qxb3+ 50. Kg4 Qc4 51. Qd8 b4 52. Qd3 Qc3 53. Qd8 Qd4 0-1

[Event "6. Open C.A. Ciudad los Angeles 2012"]
[Site "Madrid ESP"]
[Date "2012.05.20"]
[Round "6.8"]
[White "Soto Martin, Pablo"]
[Black "Navas Hernando, Oscar"]
[Result "1/2-1/2"]
[WhiteElo "1619"]
[BlackElo "1855"]
[PlyCount "73"]
[EventDate "2012.04.15"]
[EventType "swiss"]
[EventRounds "9"]
[EventCountry "ESP"]
[Source "lmi"]
[SourceDate "2012.04.15"]

1. e4 c5 2. Nf3 d6 3. c3 Nf6 4. h3 e6 5. Bd3 Nc6 6. O-O Be7 7. Bc2 e5 8. d4 O-O
9. dxc5 dxc5 10. Qe2 Qc7 11. Nbd2 Be6 12. a4 h6 13. Nc4 a6 14. Ne3 Rfd8 15. Nf5
Bxf5 16. exf5 Bf8 17. Re1 Re8 18. Be3 Nd5 19. Qc4 Nxe3 20. fxe3 Qe7 21. Qe4 Qf6
22. Rad1 Rad8 23. Nd2 Re7 24. Nc4 Red7 25. Nb6 Rxd1 26. Rxd1 Rxd1+ 27. Bxd1 Ne7
28. Qxb7 Nxf5 29. Nc4 Qh4 30. Qf3 Qxc4 31. Qxf5 Qd5 32. Qc2 e4 33. Be2 Bd6 34.
Bf1 a5 35. Qe2 Qg5 36. Qd2 Qg3 37. Bc4 1/2-1/2

[Event "6. Open C.A. Ciudad los Angeles 2012"]
[Site "Madrid ESP"]
[Date "2012.05.20"]
[Round "6.10"]
[White "Head Ladeveze, Jorge"]
[Black "Sorribes Calle, Pablo"]
[Result "1-0"]
[WhiteElo "1727"]
[BlackElo "1660"]
[PlyCount "113"]
[EventDate "2012.04.15"]
[EventType "swiss"]
[EventRounds "9"]
[EventCountry "ESP"]
[Source "lmi"]
[SourceDate "2012.04.15"]

1. d4 d5 2. Nf3 Nf6 3. Bf4 e6 4. e3 Be7 5. c3 O-O 6. Bd3 Nbd7 7. Nbd2 Re8 8.
Ne5 c6 9. Qf3 Nf8 10. Qh3 Bd6 11. g4 Ng6 12. Bg3 Qc7 13. f4 Bxe5 14. fxe5 Nd7
15. Nf3 Ndf8 16. Rf1 b5 17. Qg2 a5 18. a3 Ba6 19. Ng5 Re7 20. Rf6 c5 21. Kd2 b4
22. Bxa6 Rxa6 23. axb4 cxb4 24. Rc1 Qc4 25. Rf2 Rc7 26. Qf1 Qxf1 27. Rfxf1 h6
28. Nf3 b3 29. h4 a4 30. Ra1 Nd7 31. h5 Nh8 32. Kd3 Nb6 33. Nd2 Ra8 34. e4
dxe4+ 35. Kxe4 Rca7 36. Ra3 Rc7 37. Rfa1 Rac8 38. Rc1 Kf8 39. Kd3 g5 40. c4 Rc6
41. c5 f5 42. exf6 Nf7 43. Nc4 Nd5 44. Rxa4 Nxf6 45. Ne3 Rd8 46. Ke2 Rd7 47.
Rca1 Kg7 48. Rb4 Nd5 49. Nxd5 exd5 50. Rxb3 Re6+ 51. Re3 Rxe3+ 52. Kxe3 Rb7 53.
Be5+ Kf8 54. c6 Rb3+ 55. Kd2 Rxb2+ 56. Kc3 Re2 57. c7 1-0

[Event "6. Open C.A. Ciudad los Angeles 2012"]
[Site "Madrid ESP"]
[Date "2012.05.20"]
[Round "6.12"]
[White "Maseda Iglesias, Luis"]
[Black "Martinez Pastor, Francisco"]
[Result "1-0"]
[WhiteElo "1781"]
[BlackElo "1612"]
[PlyCount "63"]
[EventDate "2012.04.15"]
[EventType "swiss"]
[EventRounds "9"]
[EventCountry "ESP"]
[Source "lmi"]
[SourceDate "2012.04.15"]

1. d4 f5 2. Bg5 g6 3. Nc3 Bg7 4. e4 fxe4 5. Nxe4 d6 6. Nf3 Be6 7. c4 Nd7 8. Bd3
Ngf6 9. O-O c6 10. Qe2 O-O 11. Nxf6+ exf6 12. Qxe6+ Kh8 13. Be3 Nb6 14. Qh3 f5
15. Ng5 h6 16. Ne6 Qf6 17. Nxf8 Rxf8 18. Bxh6 Kg8 19. Bxg7 Kxg7 20. Qe3 f4 21.
Qe4 Qg5 22. Rfe1 Rf7 23. f3 Nd7 24. Qe6 Nf8 25. Qxd6 Rd7 26. Qe5+ Qxe5 27. Rxe5
Rxd4 28. Rd1 Kf6 29. Re4 Rd8 30. Rxf4+ Kg5 31. g3 Rd6 32. Rxf8 1-0

[Event "6. Open C.A. Ciudad los Angeles 2012"]
[Site "Madrid ESP"]
[Date "2012.05.20"]
[Round "6.13"]
[White "Yeves Miquel, Enrique"]
[Black "Murciano Cespedosa, Antonio"]
[Result "1-0"]
[WhiteElo "1716"]
[BlackElo "1771"]
[PlyCount "149"]
[EventDate "2012.04.15"]
[EventType "swiss"]
[EventRounds "9"]
[EventCountry "ESP"]
[Source "lmi"]
[SourceDate "2012.04.15"]

1. d4 Nf6 2. c4 c5 3. d5 b5 4. Nf3 g6 5. cxb5 a6 6. b6 Qxb6 7. Nc3 Bg7 8. Nd2
d6 9. e4 Nbd7 10. h3 O-O 11. Nc4 Qc7 12. Be2 Nb6 13. O-O Nxc4 14. Bxc4 Nd7 15.
Bg5 Ne5 16. Be2 Re8 17. Rb1 Rb8 18. f4 Nd7 19. f5 Ne5 20. f6 exf6 21. Bxf6 Bxf6
22. Rxf6 Qe7 23. Qf1 Kg7 24. Rf2 Rb6 25. Qc1 Bd7 26. a4 Reb8 27. a5 Rb4 28.
Bxa6 c4 29. b3 Nd3 30. Qc2 Nxf2 31. Kxf2 Rxb3 32. Rxb3 Rxb3 33. Kg1 Qg5 34. Kh1
Qe3 35. Nd1 Qe1+ 36. Kh2 Qg3+ 37. Kh1 Bb5 38. Bxb5 Rxb5 39. a6 Qa3 40. Qxc4 Rb8
41. Qd4+ Kg8 42. Kh2 Qxa6 43. Ne3 Qb6 44. Qxb6 Rxb6 45. Nc4 Ra6 46. Kg3 Kg7 47.
Kf4 Kf6 48. h4 h6 49. g4 Ke7 50. g5 h5 51. Nd2 Ra4 52. Nf3 Kd7 53. Ke3 Kc7 54.
Nd4 Ra3+ 55. Kf4 Rd3 56. Nc6 Rd1 57. Ne7 Rg1 58. Ng8 Rg4+ 59. Kf3 Rxh4 60. Nf6
Kd8 61. Kg3 Rh1 62. Kg2 Rc1 63. Kg3 Ke7 64. Ng8+ Kf8 65. Nf6 Rb1 66. Kh3 Rb6
67. Nd7+ Ke7 68. Nxb6 Ke8 69. Nc4 Ke7 70. Nd2 f6 71. Kh4 Kf7 72. Nc4 Ke7 73.
gxf6+ Kxf6 74. Nxd6 Ke5 75. Nf7+ 1-0

[Event "6. Open C.A. Ciudad los Angeles 2012"]
[Site "Madrid ESP"]
[Date "2012.05.20"]
[Round "6.15"]
[White "Martinez Cepedano, Roberto"]
[Black "Soto Martin, Miguel"]
[Result "1-0"]
[WhiteElo "1752"]
[BlackElo "1464"]
[PlyCount "103"]
[EventDate "2012.04.15"]
[EventType "swiss"]
[EventRounds "9"]
[EventCountry "ESP"]
[Source "lmi"]
[SourceDate "2012.04.15"]

1. e4 e5 2. Nf3 Nc6 3. d4 exd4 4. Nxd4 Nf6 5. Nxc6 bxc6 6. e5 Qe7 7. Qe2 Nd5 8.
c4 Ba6 9. b3 g5 10. g3 Bg7 11. Bb2 O-O-O 12. Nd2 Rhe8 13. O-O-O Nb6 14. Re1 d6
15. Qg4+ Kb8 16. f4 h6 17. Bg2 Bc8 18. Qf3 Bb7 19. Rhf1 Qd7 20. Ne4 c5 21. Nxc5
Bxf3 22. Nxd7+ Nxd7 23. Rxf3 dxe5 24. fxg5 hxg5 25. Rxf7 Bf6 26. Bc6 Kc8 27.
Bxd7+ Rxd7 28. Rxf6 e4 29. Re3 Rh7 30. Rf2 Kb7 31. g4 Rh4 32. h3 Rh7 33. Bf6
Rf7 34. Rf5 Re6 35. Bxg5 Rh7 36. h4 Re8 37. Rf4 Rhh8 38. Rexe4 Rxe4 39. Rxe4
Rf8 40. Rf4 Re8 41. Rf2 Re4 42. Rg2 Kc6 43. h5 Re8 44. Bf6 Re1+ 45. Kc2 Rh1 46.
Bg7 Kd7 47. h6 Ke6 48. g5 Kf7 49. Rf2+ Kg6 50. Rf6+ Kh7 51. g6+ Kg8 52. Rf8#
1-0

[Event "6. Open C.A. Ciudad los Angeles 2012"]
[Site "Madrid ESP"]
[Date "2012.05.20"]
[Round "6.16"]
[White "Martin Garcia, Francisco Javier"]
[Black "Lopez-Andujar Ocaña, Ramon"]
[Result "0-1"]
[WhiteElo "1614"]
[BlackElo "1736"]
[PlyCount "56"]
[EventDate "2012.04.15"]
[EventType "swiss"]
[EventRounds "9"]
[EventCountry "ESP"]
[Source "lmi"]
[SourceDate "2012.04.15"]

1. d4 Nf6 2. c4 c5 3. d5 g6 4. Nc3 Bg7 5. Nf3 d6 6. g3 O-O 7. Bg2 Na6 8. O-O
Nc7 9. Qc2 a6 10. e4 b5 11. e5 Ng4 12. Bf4 dxe5 13. Nxe5 Bxe5 14. Bxe5 Nxe5 15.
d6 exd6 16. Bxa8 Nxa8 17. cxb5 axb5 18. Rad1 Nf3+ 19. Kg2 Bb7 20. Ne4 Nd4 21.
Qd3 f5 22. f3 fxe4 23. fxe4 Rxf1 24. Rxf1 Qe7 25. Re1 Nb6 26. Kg1 Nc4 27. Qf1
Nd2 28. Qd3 N2f3+ 0-1

[Event "6. Open C.A. Ciudad los Angeles 2012"]
[Site "Madrid ESP"]
[Date "2012.05.20"]
[Round "6.17"]
[White "Benitez Robles, Antonio"]
[Black "Mataix Fernandez, Ricardo"]
[Result "0-1"]
[WhiteElo "1519"]
[BlackElo "1730"]
[PlyCount "82"]
[EventDate "2012.04.15"]
[EventType "swiss"]
[EventRounds "9"]
[EventCountry "ESP"]
[Source "lmi"]
[SourceDate "2012.04.15"]

1. d4 Nf6 2. c4 g6 3. Nc3 Bg7 4. e4 d6 5. Nf3 O-O 6. Be2 e5 7. O-O exd4 8. Nxd4
h6 9. f4 Nc6 10. Be3 Re8 11. Qc2 Nxe4 12. Nxc6 bxc6 13. Nd1 Nf6 14. Bd4 Bf5 15.
Bd3 Bxd3 16. Qxd3 c5 17. Bc3 Ne4 18. Bxg7 Kxg7 19. Nc3 Nxc3 20. Qxc3+ Qf6 21.
Qd2 Qd4+ 22. Qxd4+ cxd4 23. b4 Re2 24. Rfd1 c5 25. b5 Rae8 26. Kf1 Rc2 27. Rdc1
Ree2 28. Rxc2 Rxc2 29. a4 Rxc4 30. a5 d3 31. b6 axb6 32. a6 d2 33. a7 Ra4 34.
Rd1 Rxa7 35. Rxd2 b5 36. Rxd6 Ra2 37. Rd5 Rc2 38. h3 b4 39. g4 b3 40. Ke1 b2
41. Rd1 Rh2 0-1

[Event "6. Open C.A. Ciudad los Angeles 2012"]
[Site "Madrid ESP"]
[Date "2012.05.20"]
[Round "6.18"]
[White "Benitez Cadenas, Luis Miguel"]
[Black "Gines Martinez, Andres"]
[Result "1-0"]
[WhiteElo "1730"]
[BlackElo "1581"]
[PlyCount "123"]
[EventDate "2012.04.15"]
[EventType "swiss"]
[EventRounds "9"]
[EventCountry "ESP"]
[Source "lmi"]
[SourceDate "2012.04.15"]

1. d4 d5 2. c4 e6 3. cxd5 exd5 4. Nc3 Nf6 5. Bg5 Be7 6. Nf3 c6 7. Qc2 Be6 8. e3
Nbd7 9. Bd3 c5 10. dxc5 Nxc5 11. Bb5+ Ncd7 12. O-O O-O 13. Rfd1 Rc8 14. Qe2 a6
15. Bxd7 Qxd7 16. Rac1 Rfd8 17. Nd4 Bg4 18. f3 Bh5 19. Nb3 Qf5 20. Bxf6 Qxf6
21. Nxd5 Qe5 22. Nxe7+ Qxe7 23. Rxc8 Rxc8 24. Qd3 Bg6 25. e4 f6 26. Qd7 Re8 27.
Qxe7 Rxe7 28. Rd8+ Be8 29. Nc5 Kf7 30. Rb8 Bc6 31. Kf2 Rc7 32. b4 b5 33. a3 Ke7
34. Rg8 Kd6 35. Ke3 a5 36. Rd8+ Ke7 37. Rh8 axb4 38. axb4 h6 39. Rg8 Kd6 40.
Kf4 Rf7 41. Kf5 Ke7 42. Kg6 Be8 43. Rxg7 Rxg7+ 44. Kxg7 h5 45. g4 Bf7 46. Kh6
hxg4 47. fxg4 Bc4 48. g5 fxg5 49. Kxg5 Bf1 50. h4 Kf7 51. h5 Kg7 52. Nb7 Bc4
53. h6+ Kh7 54. Nd8 Bd3 55. e5 Kg8 56. Kf6 Kf8 57. Ne6+ Ke8 58. Ng5 Kf8 59. h7
Bxh7 60. Nxh7+ Ke8 61. Ng5 Kf8 62. Ne6+ 1-0

[Event "6. Open C.A. Ciudad los Angeles 2012"]
[Site "Madrid ESP"]
[Date "2012.05.20"]
[Round "6.19"]
[White "De Pablo Pena, Miguel Angel"]
[Black "Ballesteros Jimenez, Miguel A"]
[Result "1-0"]
[WhiteElo "1608"]
[BlackElo "1672"]
[PlyCount "47"]
[EventDate "2012.04.15"]
[EventType "swiss"]
[EventRounds "9"]
[EventCountry "ESP"]
[Source "lmi"]
[SourceDate "2012.04.15"]

1. Nf3 g6 2. c4 Bg7 3. d4 c5 4. d5 Qa5+ 5. Bd2 Qb6 6. Bc3 Nf6 7. Qc2 d6 8. e4
O-O 9. Nbd2 e6 10. Bd3 exd5 11. cxd5 Bg4 12. O-O Bxf3 13. Nxf3 Nbd7 14. Rfe1
Rae8 15. Rab1 Ng4 16. Nd2 c4 17. Nxc4 Qc5 18. b4 Qc7 19. Bxg7 Kxg7 20. Qb2+ Kg8
21. Rbc1 Qd8 22. Nxd6 Nge5 23. Nxe8 Nxd3 24. Qg7# 1-0

[Event "6. Open C.A. Ciudad los Angeles 2012"]
[Site "Madrid ESP"]
[Date "2012.05.20"]
[Round "6.20"]
[White "Cortijo Manso, Luis"]
[Black "Pindado Del Carmen, Eliseo"]
[Result "1-0"]
[WhiteElo "1551"]
[BlackElo "1618"]
[PlyCount "139"]
[EventDate "2012.04.15"]
[EventType "swiss"]
[EventRounds "9"]
[EventCountry "ESP"]
[Source "lmi"]
[SourceDate "2012.04.15"]

1. d4 Nf6 2. Nf3 g6 3. g3 Bg7 4. Bg2 O-O 5. O-O d6 6. c4 Nbd7 7. Nc3 c6 8. b3
Re8 9. Bb2 Nh5 10. e4 e5 11. d5 c5 12. a3 a6 13. b4 b6 14. b5 Nf8 15. a4 a5 16.
Bc1 Bg4 17. h3 Bd7 18. Nh2 Qc8 19. Ng4 Bxg4 20. Qxg4 Qxg4 21. hxg4 Nf6 22. Bf3
Re7 23. Kg2 N6d7 24. Rh1 f6 25. g5 fxg5 26. Bxg5 Rf7 27. Bg4 Bf6 28. Bh6 Bg7
29. Ne2 Nf6 30. Bf3 Bxh6 31. Rxh6 Kg7 32. Rah1 Ng8 33. R6h2 Nf6 34. Ng1 h5 35.
Kh3 N8d7 36. Ne2 Rh8 37. Kg2 Kf8 38. g4 Rfh7 39. g5 Ne8 40. Kf1 Ng7 41. Ng1 Ke7
42. Nh3 Rf8 43. Ke2 Kd8 44. Bg2 Ke7 45. Rf1 Rf7 46. Kd3 Rh8 47. f4 exf4 48.
Nxf4 Ne5+ 49. Kc3 Rhf8 50. Rh4 Kd8 51. Bh3 Ke7 52. Kb3 Kd8 53. Be6 Re7 54. Rhh1
Nxe6 55. Nxe6+ Rxe6 56. Rxf8+ Re8 57. Rxe8+ Kxe8 58. Rf1 Ke7 59. Rf6 h4 60. Rf4
Nf7 61. Rxh4 Nxg5 62. Kc3 Kf6 63. Kd3 Ke5 64. Rh8 Nf7 65. Re8+ Kf6 66. Rb8 Ne5+
67. Kc3 Nd7 68. Re8 g5 69. Re6+ Kg7 70. Re7+ 1-0

[Event "6. Open C.A. Ciudad los Angeles 2012"]
[Site "Madrid ESP"]
[Date "2012.05.27"]
[Round "7.1"]
[White "Garcia De Quesada, Ignacio"]
[Black "Garrido Ariza, Javier"]
[Result "1-0"]
[WhiteElo "1910"]
[BlackElo "1807"]
[PlyCount "51"]
[EventDate "2012.04.15"]
[EventType "swiss"]
[EventRounds "9"]
[EventCountry "ESP"]
[Source "lmi"]
[SourceDate "2012.04.15"]

1. d4 d5 2. c4 Nc6 3. e3 e5 4. dxe5 d4 5. a3 a5 6. Nf3 Bg4 7. Be2 dxe3 8. Qxd8+
Rxd8 9. Bxe3 Bxf3 10. Bxf3 Nxe5 11. Bxb7 Rb8 12. Bd4 Rxb7 13. Bxe5 f6 14. Bc3
a4 15. Nd2 Bd6 16. O-O-O Ne7 17. Ne4 Nf5 18. g4 Bf4+ 19. Kc2 Nd6 20. Nxd6+ Bxd6
21. Rd5 Ra7 22. c5 Be7 23. Re1 c6 24. Rd6 Rc7 25. Ba5 Rc8 26. Rde6 1-0

[Event "6. Open C.A. Ciudad los Angeles 2012"]
[Site "Madrid ESP"]
[Date "2012.05.27"]
[Round "7.2"]
[White "Garcia Prados, David"]
[Black "Rodriguez Dorado, Victor"]
[Result "1/2-1/2"]
[WhiteElo "2070"]
[BlackElo "1940"]
[PlyCount "83"]
[EventDate "2012.04.15"]
[EventType "swiss"]
[EventRounds "9"]
[EventCountry "ESP"]
[Source "lmi"]
[SourceDate "2012.04.15"]

1. d4 Nf6 2. c4 g6 3. Nc3 Bg7 4. e4 d6 5. Be2 O-O 6. Bg5 Nfd7 7. Qd2 f6 8. Bh6
e5 9. Bxg7 Kxg7 10. h4 exd4 11. Qxd4 Nc6 12. Qd2 Nc5 13. h5 g5 14. O-O-O h6 15.
f4 Be6 16. Qc2 Qe8 17. Nb5 Rc8 18. fxg5 fxg5 19. Nf3 Qf7 20. Nfd4 Nxd4 21. Nxd4
Qf4+ 22. Kb1 Rce8 23. e5 Bf5 24. Nxf5+ Qxf5 25. Qxf5 Rxf5 26. Bf3 Rexe5 27. b4
Na4 28. Kc2 Re3 29. Rhe1 Rfe5 30. Rxe3 Rxe3 31. Kd2 Ra3 32. Re1 Rxa2+ 33. Kd3
Kf6 34. Bd5 Ra3+ 35. Kd2 c6 36. Bg8 Ra2+ 37. Kd3 Kg7 38. Be6 Rxg2 39. Ra1 b5
40. cxb5 cxb5 41. Rf1 Nb2+ 42. Kc3 1/2-1/2

[Event "6. Open C.A. Ciudad los Angeles 2012"]
[Site "Madrid ESP"]
[Date "2012.05.27"]
[Round "7.3"]
[White "Pindado Campos, Raul"]
[Black "Juarez De Vena, Antonio"]
[Result "1-0"]
[WhiteElo "1824"]
[BlackElo "1618"]
[PlyCount "53"]
[EventDate "2012.04.15"]
[EventType "swiss"]
[EventRounds "9"]
[EventCountry "ESP"]
[Source "lmi"]
[SourceDate "2012.04.15"]

1. d4 Nf6 2. c4 g6 3. Nc3 d5 4. cxd5 Nxd5 5. e4 Nxc3 6. bxc3 Bg7 7. Bc4 O-O 8.
Ne2 a6 9. a4 c6 10. O-O Nd7 11. Be3 Rb8 12. Qd2 Re8 13. Ng3 b5 14. axb5 axb5
15. Ba2 Bb7 16. f4 e6 17. f5 exf5 18. exf5 Qe7 19. Rae1 Ra8 20. fxg6 Rxa2 21.
gxh7+ Kxh7 22. Qxa2 Nf6 23. Nf5 Qe4 24. Nxg7 Rg8 25. Rf3 Rxg7 26. Rxf6 Qh4 27.
Ref1 1-0

[Event "6. Open C.A. Ciudad los Angeles 2012"]
[Site "Madrid ESP"]
[Date "2012.05.27"]
[Round "7.5"]
[White "Cano Cabanillas, Javier"]
[Black "Head Ladeveze, Jorge"]
[Result "1-0"]
[WhiteElo "2016"]
[BlackElo "1727"]
[PlyCount "73"]
[EventDate "2012.04.15"]
[EventType "swiss"]
[EventRounds "9"]
[EventCountry "ESP"]
[Source "lmi"]
[SourceDate "2012.04.15"]

1. e4 c5 2. Nf3 e6 3. d4 cxd4 4. Nxd4 Nf6 5. Bd3 Nc6 6. Nf3 e5 7. O-O Be7 8.
Qe2 O-O 9. Bg5 Qb6 10. Nbd2 d6 11. Be3 Nd4 12. Nxd4 exd4 13. Nc4 Qc5 14. b4 Qc7
15. Bxd4 Bd7 16. c3 Rfe8 17. e5 dxe5 18. Qxe5 Qd8 19. Nd6 Bxd6 20. Qxd6 Re6 21.
Qg3 Nh5 22. Qf3 Nf6 23. Rae1 Bc6 24. Qf5 g6 25. Qg5 Kg7 26. Rxe6 fxe6 27. Re1
Bd7 28. Re3 Qe7 29. Rf3 Rf8 30. Bc5 Qf7 31. Bxf8+ Qxf8 32. Qe5 Bc6 33. Rf4 Qf7
34. Bc4 Bd5 35. Bxd5 exd5 36. g4 h6 37. h4 1-0

[Event "6. Open C.A. Ciudad los Angeles 2012"]
[Site "Madrid ESP"]
[Date "2012.05.27"]
[Round "7.6"]
[White "Ruiz Sanchez, Roberto"]
[Black "Yeves Miquel, Enrique"]
[Result "1-0"]
[WhiteElo "1997"]
[BlackElo "1716"]
[PlyCount "37"]
[EventDate "2012.04.15"]
[EventType "swiss"]
[EventRounds "9"]
[EventCountry "ESP"]
[Source "lmi"]
[SourceDate "2012.04.15"]

1. e4 c6 2. d4 d5 3. exd5 cxd5 4. c4 Nf6 5. Nc3 e6 6. Nf3 Bb4 7. cxd5 Nxd5 8.
Qc2 Nc6 9. Be2 h6 10. O-O O-O 11. Re1 a6 12. a3 Be7 13. Ne5 Qd6 14. Nc4 Qc7 15.
Qe4 Nf6 16. Qf3 e5 17. dxe5 Nxe5 18. Qg3 Nfd7 19. Nd5 1-0

[Event "6. Open C.A. Ciudad los Angeles 2012"]
[Site "Madrid ESP"]
[Date "2012.05.27"]
[Round "7.7"]
[White "Al-zarif Zabala, Bassam"]
[Black "Sancho Diaz, Santiago"]
[Result "1-0"]
[WhiteElo "1753"]
[BlackElo "1896"]
[PlyCount "45"]
[EventDate "2012.04.15"]
[EventType "swiss"]
[EventRounds "9"]
[EventCountry "ESP"]
[Source "lmi"]
[SourceDate "2012.04.15"]

1. e4 c5 2. Nf3 Nc6 3. Bb5 a6 4. Bxc6 bxc6 5. O-O g6 6. c3 Bg7 7. d4 Qb6 8. Re1
d6 9. h3 Rb8 10. e5 d5 11. Nbd2 cxd4 12. cxd4 c5 13. dxc5 Qxc5 14. Nb3 Qc4 15.
Nbd4 e6 16. b3 Qc7 17. Ba3 Bf8 18. Bxf8 Kxf8 19. Rc1 Qd7 20. Nc6 Rb6 21. Qc2
Ne7 22. Nxe7 Kxe7 23. Qc5+ 1-0

[Event "6. Open C.A. Ciudad los Angeles 2012"]
[Site "Madrid ESP"]
[Date "2012.05.27"]
[Round "7.8"]
[White "Navas Hernando, Oscar"]
[Black "Martinez Cepedano, Roberto"]
[Result "1-0"]
[WhiteElo "1855"]
[BlackElo "1752"]
[PlyCount "102"]
[EventDate "2012.04.15"]
[EventType "swiss"]
[EventRounds "9"]
[EventCountry "ESP"]
[Source "lmi"]
[SourceDate "2012.04.15"]

1. d4 d5 2. c4 c6 3. Nc3 Nf6 4. Bg5 e6 5. cxd5 cxd5 6. e3 Be7 7. Bd3 O-O 8.
Nge2 Nc6 9. O-O h6 10. Bh4 g5 11. Bg3 Nh5 12. f3 f5 13. Be5 Nxe5 14. dxe5 Bc5
15. Nd4 Qc7 16. Na4 Qxe5 17. Nxc5 Qxe3+ 18. Kh1 Qxd4 19. Qc2 Nf4 20. Bb5 b6 21.
Nb3 Qb4 22. Qc6 Rb8 23. Rfd1 Bb7 24. Qd7 Rfd8 25. Rd4 Rxd7 26. Rxb4 Rc7 27. g3
Ng6 28. Nd4 Kf7 29. Re1 Nf8 30. Bd3 Bc6 31. Rc1 Rbc8 32. Re1 Be8 33. Re2 Rc5
34. Kg2 Kf6 35. f4 gxf4 36. gxf4 Bh5 37. Re5 Be8 38. Kf3 Rb8 39. Rb3 b5 40. Ra3
Ra8 41. Ra6 Bd7 42. Nxf5 h5 43. Ng3 Bc8 44. Nxh5+ Ke7 45. Ra5 a6 46. a4 Bb7 47.
axb5 Nd7 48. Rg5 axb5 49. Rxb5 Rxb5 50. Bxb5 Kd6 51. Rg7 Bc6 1-0

[Event "6. Open C.A. Ciudad los Angeles 2012"]
[Site "Madrid ESP"]
[Date "2012.05.27"]
[Round "7.9"]
[White "Sanchez Rodenas, Antonio"]
[Black "Largo Barbero, Benito"]
[Result "1-0"]
[WhiteElo "1750"]
[BlackElo "1845"]
[PlyCount "107"]
[EventDate "2012.04.15"]
[EventType "swiss"]
[EventRounds "9"]
[EventCountry "ESP"]
[Source "lmi"]
[SourceDate "2012.04.15"]

1. d4 f5 2. c4 g6 3. Nf3 Bg7 4. g3 d6 5. Bg2 c6 6. Nc3 Na6 7. O-O Nf6 8. Re1
O-O 9. a3 Qe8 10. e4 fxe4 11. Nxe4 Nxe4 12. Rxe4 Bf5 13. Re1 Qf7 14. Ng5 Qf6
15. Be3 h6 16. Ne4 Qf7 17. Qe2 Rac8 18. Rac1 Nc7 19. b4 d5 20. Nc5 b6 21. Nb3
h5 22. h3 Rce8 23. g4 hxg4 24. hxg4 Bd7 25. f3 e5 26. Qd3 Ne6 27. cxd5 cxd5 28.
dxe5 Nf4 29. Bxf4 Qxf4 30. Qxd5+ Be6 31. Qd3 Bxe5 32. Qxg6+ Kh8 33. Qh5+ Kg7
34. Qxe5+ Qxe5 35. Rxe5 Bxb3 36. Rxe8 Rxe8 37. Rc7+ Kf6 38. Rxa7 b5 39. Kf2 Kg5
40. Kg3 Re1 41. f4+ Kf6 42. Ra6+ Kg7 43. Kh4 Re3 44. Kg5 Rg3 45. Be4 Re3 46.
Bf5 Rh3 47. Ra7+ Kh8 48. Kg6 Bg8 49. Ra8 Rh4 50. g5 Rxf4 51. Be6 Rf7 52. Rxg8+
Kxg8 53. Bxf7+ Kh8 54. Be8 1-0

[Event "6. Open C.A. Ciudad los Angeles 2012"]
[Site "Madrid ESP"]
[Date "2012.05.27"]
[Round "7.10"]
[White "Lopez-Andujar Ocaña, Ramon"]
[Black "Maseda Iglesias, Luis"]
[Result "1-0"]
[WhiteElo "1736"]
[BlackElo "1781"]
[PlyCount "61"]
[EventDate "2012.04.15"]
[EventType "swiss"]
[EventRounds "9"]
[EventCountry "ESP"]
[Source "lmi"]
[SourceDate "2012.04.15"]

1. e4 c5 2. Nf3 Nc6 3. d4 cxd4 4. Nxd4 g6 5. g3 Bg7 6. c3 Nf6 7. Bg2 O-O 8. O-O
Qb6 9. Ne2 d6 10. Na3 Be6 11. h3 Rfd8 12. Nf4 Bd7 13. Qe2 Ne5 14. Nd5 Nxd5 15.
exd5 Be8 16. Be3 Qc7 17. Bd4 Rdc8 18. f4 Nc4 19. Bxg7 Nxa3 20. Bd4 Bb5 21. Qf2
Bxf1 22. Rxf1 Nb5 23. Be3 Qc4 24. f5 f6 25. fxg6 hxg6 26. Qc2 Kg7 27. Rf4 Qxa2
28. Rg4 g5 29. Bxg5 fxg5 30. Rxg5+ Kh8 31. Qg6 1-0

[Event "6. Open C.A. Ciudad los Angeles 2012"]
[Site "Madrid ESP"]
[Date "2012.05.27"]
[Round "7.11"]
[White "Mataix Fernandez, Ricardo"]
[Black "Sanchez Romero, Ruben"]
[Result "1/2-1/2"]
[WhiteElo "1730"]
[BlackElo "1755"]
[PlyCount "77"]
[EventDate "2012.04.15"]
[EventType "swiss"]
[EventRounds "9"]
[EventCountry "ESP"]
[Source "lmi"]
[SourceDate "2012.04.15"]

1. d4 Nf6 2. c4 d6 3. Nc3 g6 4. e4 Bg7 5. Nf3 O-O 6. Be2 Bd7 7. O-O a5 8. Bg5
h6 9. Bf4 Qe8 10. Qd2 Kh7 11. Bd3 Nh5 12. Be3 e5 13. Nd5 Qd8 14. dxe5 dxe5 15.
Ne1 Be6 16. Rc1 Na6 17. a3 c5 18. Rd1 Rc8 19. Qe2 Bxd5 20. cxd5 Nb8 21. g3 Qd6
22. Ng2 Nd7 23. f4 exf4 24. Nxf4 Nxf4 25. Bxf4 Ne5 26. Bb1 c4 27. Rc1 b5 28.
Kh1 Rc7 29. Qd2 Ra8 30. Qe2 Rac8 31. Rfd1 b4 32. axb4 axb4 33. g4 c3 34. bxc3
Rxc3 35. Rxc3 Rxc3 36. Rc1 Qc5 37. Rxc3 bxc3 38. Bxe5 Bxe5 39. Bc2 1/2-1/2

[Event "6. Open C.A. Ciudad los Angeles 2012"]
[Site "Madrid ESP"]
[Date "2012.05.27"]
[Round "7.12"]
[White "Sorribes Calle, Pablo"]
[Black "Soto Martin, Pablo"]
[Result "1-0"]
[WhiteElo "1660"]
[BlackElo "1619"]
[PlyCount "139"]
[EventDate "2012.04.15"]
[EventType "swiss"]
[EventRounds "9"]
[EventCountry "ESP"]
[Source "lmi"]
[SourceDate "2012.04.15"]

1. c4 Nf6 2. Nc3 g6 3. d4 Bg7 4. Bg5 O-O 5. e4 d6 6. Be2 h6 7. Bh4 Nbd7 8. f4
c5 9. Nf3 cxd4 10. Nxd4 Nc5 11. Bf3 a5 12. O-O Qb6 13. Bf2 a4 14. Ndb5 Qa5 15.
e5 Nh7 16. exd6 exd6 17. Qxd6 Na6 18. Bb6 Qb4 19. Qxb4 Nxb4 20. Bc5 Nd3 21.
Bxf8 Nxf8 22. b3 axb3 23. axb3 Rxa1 24. Rxa1 Nxf4 25. Ra8 Bf5 26. Nd5 Nxd5 27.
Bxd5 Bc2 28. b4 Bd3 29. Rb8 Be5 30. Rxb7 Ne6 31. g3 Bf5 32. Kf2 Kg7 33. Ke3 Kf6
34. c5 Nd8 35. Ra7 Be6 36. Ra6 Ke7 37. Ke4 Bxd5+ 38. Kxd5 Bb2 39. Nd4 Bxd4 40.
Kxd4 Ne6+ 41. Kc4 Kd7 42. b5 Kc8 43. Rxe6 fxe6 44. Kd4 Kd7 45. Ke5 Ke7 46. c6
Kd8 47. Kxe6 Kc7 48. Kf6 g5 49. Kg6 g4 50. Kxh6 Kb6 51. Kg5 Kc7 52. Kxg4 Kd6
53. Kf5 Kc7 54. h4 Kb6 55. h5 Kc7 56. h6 Kd6 57. h7 Kc7 58. g4 Kb6 59. g5 Kc7
60. g6 Kd6 61. g7 Ke7 62. Kg6 Kd6 63. g8=Q Kc7 64. h8=Q Kb6 65. c7 Ka5 66. c8=R
Kb4 67. Qc4+ Ka5 68. Qcc3+ Kb6 69. Qc6+ Ka7 70. Qa6# 1-0